Geography Quiz

Random Geography or City Quiz

Most populated cities and towns in Minnesota Quiz Stats

Quiz not verified by Sporcle

Challenge
Share
Tweet
Embed
Score 0/11 Timer 02:00
0 Plays Today
% Correct
Minneapolis
98.2%
St Paul
98.2%
Rochester
85.7%
Duluth
83.9%
Bloomington
80.4%
St. Cloud
57.1%
Eagan
46.4%
Burnsville
44.6%
Brooklyn Park
41.1%
Plymouth
41.1%
Coon Rapids
26.8%

You're not logged in!

Compare scores with friends on all Sporcle quizzes.
Sign Up with Email
OR
Log In

You Might Also Like...

Show Comments

Extras

Top Quizzes Today


Score Distribution

Your Account Isn't Verified!

In order to create a playlist on Sporcle, you need to verify the email address you used during registration. Go to your Sporcle Settings to finish the process.